Bước vào thế kỷ XXI hành động tự nguyện và chương trình nghị sự toàn cầu : Sách tham khảo

Phân tích, so sánh quan điểm phát triển XH lấy tăng trưởng làm trọng tâm để thực hiện các vấn đề trên bình diện quốc tế: mọi người trên thế giới sống bình đẳng, hưởng thành qủa lao động như nhau trong điều kiện tài nguyên hạn hẹp, cá...

全面介紹

Đã lưu trong:
書目詳細資料
主要作者: Korten , David C.
格式: 圖書
語言:Undetermined
出版: Hà Nội Chính Trị quốc gia 1996
主題:
標簽: 添加標簽
沒有標簽, 成為第一個標記此記錄!
Thư viện lưu trữ: Trung tâm Học liệu Trường Đại học Cần Thơ
LEADER 01073nam a2200193Ia 4500
001 CTU_155926
008 210402s9999 xx 000 0 und d
082 |a 341.19 
082 |b K85 
100 |a Korten , David C. 
245 0 |a Bước vào thế kỷ XXI hành động tự nguyện và chương trình nghị sự toàn cầu : 
245 0 |b Sách tham khảo 
245 0 |c David C. Korten 
260 |a Hà Nội 
260 |b Chính Trị quốc gia 
260 |c 1996 
520 |a Phân tích, so sánh quan điểm phát triển XH lấy tăng trưởng làm trọng tâm để thực hiện các vấn đề trên bình diện quốc tế: mọi người trên thế giới sống bình đẳng, hưởng thành qủa lao động như nhau trong điều kiện tài nguyên hạn hẹp, các tổ chức phi chính phủ với vai trò phát triển thế giới 
650 |a International law 
980 |a Trung tâm Học liệu Trường Đại học Cần Thơ